000 00321nam a2200133Ia 4500
005 20260326100040.0
008 260326s9999||||xx |||||||||||||| ||und||
100 _aJones, Peter Blundell
245 0 _aHans Scharoun /
_cPeter Blundell Jones
260 _bPhaidon
300 _a240 p.
650 _aARQUITECTOS
942 _cBK
999 _c6958
_d6958